| 000 | 00598nam a2200229 a 4500 | ||
|---|---|---|---|
| 999 |
_c4599 _d4599 |
||
| 001 | 4599 | ||
| 003 | BD-JhCC | ||
| 005 | 20171128193308.0 | ||
| 008 | 171128s19331968e a|||| || | 001 0 eng d | ||
| 035 | _a(BD-JhCC)4599 | ||
| 040 |
_aBD-JhCC _dBD-JhCC |
||
| 041 | _aeng | ||
| 082 |
_a914 _bGEO 1968 |
||
| 100 | _aThe New World Wide Geographies | ||
| 245 |
_aThe New World Wide Geographies / _cThe New World Wide Geographies |
||
| 260 |
_aLondon : _bOxford University Press, _c1968. |
||
| 300 |
_a185 p. : _c20 cm. |
||
| 490 | _a2nd | ||
| 650 | _aGeography | ||
| 942 |
_2ddc _cBK |
||